000 00586nam a2200193 i 4500
001 116689
003 ES-MaACL
005 20230906190742.0
007 t|
008 061121s1970 sp af e 00111 spa d
080 _a61(03)
100 1 _aOtte, José.
_987944
245 1 3 _aEl gran libro de la salud /
_cJosé Otte.
260 _aMadrid :
_bSelecciones del Reader's Digest,
_c1970.
300 _a959 p., XXVIII lam. col. :
_bil. col. y n. ;
_c25 cm.
650 4 _aMedicina-
_vEnciclopedias.
_914899
710 2 _aSelecciones del Reader's Digest.
_96545
852 4 _aES-MaACL
_jL-1781
999 _c116689
_d116689